000 00735nam a2200289Ia 4500
005 20260324123638.0
008 008 260324s9999 xx 000 0 eng d
020 _a9780203864142
037 _aEBOOK
040 _aCRL
040 _beng
040 _cCRL
041 _2eng
041 _aeng
084 _qCRL
100 _aDeborah L. Browning; Alan Bass; Jean-Georges Schimek
_91171101
245 0 _aMemory, Myth, and Seduction
245 0 _bUnconscious Fantasy and the Interpretive Process
260 _bTaylor and Francis
260 _c2011
365 _a
365 _b71.99
856 _uhttp://www.taylorfrancis.com/books/9780203864142
942 _cEBOOK
999 _c1764804
_d1764804